UBT Library

Macroeconomics / (Record no. 40062)

000 -LEADER
fixed length control field 00784cam a2200253 a 4500
001 - CONTROL NUMBER
control field 15876751
005 - DATE AND TIME OF LATEST TRANSACTION
control field 20180111040645.0
008 - FIXED-LENGTH DATA ELEMENTS--GENERAL INFORMATION
fixed length control field 090821s2010 mauab b 001 0 eng
010 ## - LIBRARY OF CONGRESS CONTROL NUMBER
LC control number 2009033429
020 ## - INTERNATIONAL STANDARD BOOK NUMBER
International Standard Book Number 9780136021827
020 ## - INTERNATIONAL STANDARD BOOK NUMBER
International Standard Book Number 0136021824
035 ## - SYSTEM CONTROL NUMBER
System control number (OCoLC)ocn351312361
040 ## - CATALOGING SOURCE
Original cataloging agency DLC
Transcribing agency DLC
Modifying agency DLC
041 ## - LANGUAGE CODE
Language code of text/sound track or separate title eng
080 ## - UNIVERSAL DECIMAL CLASSIFICATION NUMBER
Universal Decimal Classification number 339 HUB
082 00 - DEWEY DECIMAL CLASSIFICATION NUMBER
Classification number 339 HUB
Edition number 22
100 1# - Rafti
Rafti 52
101 ## - Shkurtesa
Shkurtesa MAK
245 10 - TITLE STATEMENT
Title Macroeconomics /
Statement of responsibility, etc R. Glenn Hubbard, Anthony Patrick O'Brien.
504 ## - BIBLIOGRAPHY, ETC. NOTE
Bibliography, etc Includes bibliographical references and indexes.
906 ## - LOCAL DATA ELEMENT F, LDF (RLIN)
a 7
b cbc
c orignew
d 1
e ecip
f 20
g y-gencatlg
942 ## - ADDED ENTRY ELEMENTS (KOHA)
Source of classification or shelving scheme
Item type Books
Holdings
Withdrawn status Lost status Source of classification or shelving scheme Damaged status Not for loan Collection code Permanent location Current location Shelving location Date acquired Total Checkouts Full call number Barcode Date last seen Price effective from Koha item type
          Koleksioni i përgjithshem UBT - Lipjan UBT - Lipjan Koleksioni i përgjithshem 01/11/2018   339 HUB 002-2994862 01/11/2018 01/11/2018 Books
UBT Library © 2015-2024. All rights reserved University Education for Business and Technology